|
|
|
|
| LEADER |
00595nam a2200169Ia 4500 |
| 008 |
140316s9999 xx 000 0 und d |
| 020 |
|
|
|a 8176560146
|
| 082 |
|
|
|a 005.7585 ORA
|b RAM/LE
|
| 100 |
|
|
|a Ramalho ,Jose A
|
| 245 |
|
|
|a Learn personal oracle 8 0 with power objects 2.0
|
| 260 |
|
|
|a New Delhi
|b BPB Publications
|c 1998
|
| 300 |
|
|
|a 433
|
| 650 |
|
|
|a DML (Data manipulrtion language)
|
| 650 |
|
|
|a RDBMS
|
| 942 |
|
|
|2 ddc
|c BK
|
| 999 |
|
|
|c 1160
|d 1160
|
| 952 |
|
|
|0 0
|1 0
|2 ddc
|4 0
|6 005_758500000000000_ORA_RAMLE
|7 0
|9 1328
|a KAUCLV
|b KAUCLV
|c GENERAL
|d 2014-03-18
|o 005.7585 ORA RAM/LE
|p 202750
|r 2014-03-18
|w 2014-03-18
|y BK
|